| 000 | 01018nas a2200349 4500 | ||
|---|---|---|---|
| 001 | BR0401540 | ||
| 003 | BR-BrBNA | ||
| 005 | 20231205104429.0 | ||
| 007 | ta | ||
| 008 | 230509b bl.|||p| |||| 00| 00por d | ||
| 040 |
_aBR-BrBNA _bpor _cBiblioteca Nacional de Agricultura |
||
| 041 | _a(Pt) | ||
| 072 | _aL73 | ||
| 100 | 1 | _aBrito, B.G. de | |
| 100 | 1 | _aTamehiro, C.Y. | |
| 100 | 1 | _aOkano, W. | |
| 100 | 1 | _aLuzardo, M.M. | |
| 100 | 1 | _aBerbel, M.M. | |
| 100 | 1 | _aGuimarães, I.G. | |
| 245 | 1 | _aCelulite cervical em frangos de corte causada por Escherichia coli | |
| 650 | _aFRANGO DE CORTE | ||
| 650 | _aESCHERICHIA COLI | ||
| 650 | _aBACTÉRIA PATOGÊNICA | ||
| 650 | _aLESÃO | ||
| 650 | _aDERMATITE | ||
| 650 | _aANÁLISE BACTERIOLÓGICA | ||
| 650 | _aHISTOPATOLOGIA | ||
| 650 | _aCONTAMINAÇÃO BACTERIANA | ||
| 773 | 0 |
_tSemina Ciencias Agrarias (Brazil) _xISSN 1676-546X _g(Jan-Jun 2002), v. 23(1) p. 81-84 _wBR0401540 |
|
| 909 |
_a202311 _bLúcia _c55 _dLúcia Elande |
||
| 942 |
_2AGRIS _n0 _cANA |
||
| 999 |
_c178099 _d178099 |
||